Especies colombianas del género Brotula (<Pisces: Ophiidae>) (Registro nro. 14562)

Detalles MARC
000 -CABECERA
Campo de control 003490000a22001210004500
090 ## - CLASIFICACIÓN LOCAL
Colección AS
Consecutivo Seriadas
041 0# - IDIOMA
Código de idioma para texto/pista de sonido o título separado
100 1# - ASIENTO PRINCIPAL--NOMBRE PERSONAL
Nombre personal Franke Ante, Rebeca
245 10 - MENCION DE TITULO
Título Especies colombianas del género Brotula (<Pisces: Ophiidae>)
700 1# - ASIENTO SECUNDARIO - NOMBRE PERSONAL
Nombre personal Acero P., Arturo
773 1# - Item fuente:
Título Caldasia
Especificación de materiales 45
Descripción física 82-85
Paginas del Articulo 597-602
Lugar, editorial y fecha de publicación 1995
Información sobre la relación 17
942 ## - ELEMENTOS ADICIONALES (KOHA)
Tipo de ítem Artículo

No hay ítems disponibles.